000 nam a22 a 4500
999 _c57099
_d57099
003 BLK
005 20230420131503.0
008 180408b bul|||||r ||||||| ||bul||
010 _aKNG00061089000
020 _a954-430-168-2
040 _aBLK
041 _aBUL
_cBUL
080 _aПрирода. Изучаване и опазване на природната среда. Опазване на растителния и животинския свят. Вж и 55/59
_b502
_z502
100 1 _aМардиросян, Гаро
_eпърви автор
_9287343
139 _aМардиросян, Гаро
_bМ 29
245 1 0 _aОт Космоса срещу екологичните катастрофи
_bМоногр.
_cГаро Мардиросян.
257 _aBGR
260 _aСофия
_bБАН
_c1993
_n954-430-167-4
300 _a211 с.
_c20 см
380 _a5
650 4 _aОколна среда - опазване
_9244652
650 4 _aПрирода - защита
_9244653
650 4 _aЕкология
_9154468
650 4 _aКосмически изследвания
_9247375
653 _aоколна среда
653 _aприрода
653 _aекология
653 _aкосмически изследвания
852 _aЦб 173275
_bЦб
856 4 _qpdf
_i0.00
_ldisable
856 4 _qpdf
_i0.00
_ldisable
942 _cKNG
_n0
_s1
944 _aCR
_c13.06.2004
_kЧиталня
944 _aED
_c26.09.2017
_kСевдалина_Василева
999 _d57099